00735nac a22002171u 4500010001600000020001500016082001600031090001500047100003400062245007100096260005700167300003000224500002700254511002800281650002800309650002300337650002000360942001800380999001500398952010400413 a 74013526 a007044046800a624.15bMUN c7595d7595 aMunson, Albe E. 10aConstruction design for landscape architectsc[by] Albe E. Munson. aNew York,bMcGraw-Hill, [1975, c1974]c[1975, c1974] ax, 212 p.billus.c24 cm. aDistributer: Al-Ahram. aCatalogued By: Mahitab. 0aLandscape architecture. 0aCivil engineering. 0aBuilding sites. cBBk624.15MUN c7595d7595 00104070aMAINbMAINc1STd2008-01-31ePurchasel0o624.15MUNp000009053r2025-07-15 00:00:00yBB